000 00474nam a2200193Ia 4500
003 OSt
005 20260428111008.0
008 250729s2011 xx 000 0 und d
020 _a978-8183161688
040 _cAL
041 _aeng
082 _a420.25 RAMM
100 _aG.Rambha racarayalu
_9230923
245 _aMethods of teaching english
260 _aNew Delhi
_bNeelkamal Publication
_c2011
300 _a328p
650 _aEnglish
_9230924
942 _2ddc
_cBED
999 _c239024
_d239024